Österreichische Bezirke mit den meisten Einwohnern - Statistiken

Allgemein
  • Dieses Quiz wurde 19 mal gespielt
  • Das Durchschnittsergebnis liegt bei 5 aus 10
Antwortstatistiken
Einwohner Stadt % Korrekt
144.000 Baden
82%
119.000 Mödling
71%
102.000 Wiener Neustadt
65%
92.000 Gänserndorf
53%
105.000 Tulln
53%
94.000 Amstetten
41%
91.000 Bruck
41%
96.000 Vöcklabruck
35%
99.000 Graz Umgebung
24%
98.000 Kufstein
24%
Keine übereinstimmenden Quizze gefunden
Verteilung der Resultate
Anzahl Personen mit jedem Resultat
Perzentil nach korrekt beantworteten Fragen
Ihre Resultats-Entwicklung
Sie haben dieses Quiz noch nicht gespielt